00926cam a2200253 a 45000010009000000050017000090080041000260100017000670200018000840200015001020350024001170400042001410500025001830820015002081000024002232450190002472500012004372600048004493000057004975040051005546500021006056500025006267000021006511556183820170105102344.0081218s2010 maua b 001 0 eng  a 2008055021 a9780321523068 a0321523067 a(OCoLC)ocn289070839 aDLCcDLCdYDXCPdYDXdBWKUKdBWXdDLC00aQA76.9.D26bC66 201000a005.742221 aConnolly, Thomas M.10aDatabase systems : a practical approach to design, implementation, and management ba practical approach to design, implementation, and management cThomas M. Connolly, Carolyn E. Begg. a5th ed. aBoston ;aLondon :bAddison-Wesley,cc2010. a1 v. (various pagings) :bill. (some col.) ;c23 cm. aIncludes bibliographical references and index. 0aDatabase design. 0aDatabase management.1 aBegg, Carolyn E.